| 000 | 00379nam a2200145Ia 4500 | ||
|---|---|---|---|
| 008 | 230312s9999||||xx |||||||||||||| ||und|| | ||
| 020 | _a0-8247-2647-2 | ||
| 082 |
_a612 _bPAR-H |
||
| 100 | _aParikh;Dilip.M | ||
| 245 | 0 | _aHandbook of Pharmaceutical Granulation Technology | |
| 260 |
_bTaylor & Francis _aIndia |
||
| 300 | _a623 | ||
| 650 |
_aPharmacy _vPharmaceutics |
||
| 942 | _cBK | ||
| 999 |
_c9851 _d9851 |
||